000 02039cam a22004697a 4500
003 CHAP
005 20220329135659.0
008 971013s r 00010 d
010 _a40454
011 _a41426
035 _a45552
040 _cCHAP
082 _a575.104
_bE5
110 _aENA. Colegio de Postgraduados. Chapingo, Méx. Centro de Estadística y Cálculo
_936681
245 0 _aSeminarios, otoño de 1963...
505 _aContenido : El aguacate, por Juan Cisneros.-- El maguey por Palmira Brunner.-- Palo mulato, por José Sarukhan.--El mango, por Miguel Pedrisco.--El camote, por Roberto Pérez A.--El tripsacum, por Jorge Curtis.--Navajita,por Angel Ramos S.-- El Plátano
590 _aBATCH-UPD
_b10
_c20130110
_lUCH01
_h1052
590 _aBATCH-UPD
_b10
_c20130410
_lUCH01
_h0649
590 _aBATCH-UPD
_b10
_c20130913
_lUCH01
_h2300
590 _aCONVERSION
_b10
_c20130109
_lUCH01
_h1322
650 1 4 _aAguacate.
_92490
650 1 4 _aBouteloua.
_914795
650 1 4 _aBursera simaruba.
_916299
650 1 4 _aCamote.
_917883
650 1 4 _aCoco.
_924234
650 1 4 _aGenética
_xDiscursos, ensayos, conferencias.
_947472
650 1 4 _aMango.
_970395
650 1 4 _aMezquite.
_975366
650 1 4 _aPlátano.
_989202
650 1 4 _aTripsacum.
_9115178
901 _aBK
942 _cLIBRO
949 _a575.104 E5
_bBC
_cLIBRO
_d33724000461992
_eLIBRO
_fc.6
_h26684
_i45552
_si
949 _a575.104 E5
_bBC
_cLIBRO
_d33724000462008
_eLIBRO
_fc.3
_h27369
_i45552
_si
949 _a575.104 E5
_bBC
_cLIBRO
_d33724000462016
_eLIBRO
_h26682
_i45552
_si
949 _a575.104 E5
_bBC
_cLIBRO
_d33724000462024
_eLIBRO
_fc.8
_h26685
_i45552
_si
949 _a575.104 E5
_bBC
_cLIBRO
_d33724000462032
_eLIBRO
_fc.2
_h8556
_i45552
_si
949 _a575.104 E5
_bBC
_cLIBRO
_d33724000462040
_eLIBRO
_fc.4
_h26683
_i45552
_si
949 _a575.104 E5
_bBC
_cLIBRO
_d33724000462057
_eLIBRO
_fc.5
_h8557
_i45552
_si
949 _a575.104 E5
_bBC
_cLIBRO
_d33724000462065
_eLIBRO
_fc.9
_h8558
_i45552
_si
949 _a575.104 E5
_bBC
_cUACH
_d-104037
_eUACH
_fc.7
_h26831
_i45552
_si
999 _c40454
_d40454